Vista normal
Vista MARC
Entrada Topical Term
Número de registros utilizados en: 1
001 - CONTROL NUMBER
- control field: 2818
003 - CONTROL NUMBER IDENTIFIER
- control field: AR-BaISA
005 - DATE AND TIME OF LATEST TRANSACTION
- control field: 20230404140656.0
008 - FIXED-LENGTH DATA ELEMENTS
- fixed length control field: 230404|| aca||babn | a|a d
040 ## - CATALOGING SOURCE
- Original cataloging agency: AR-BaISA
150 1# - HEADING--TOPICAL TERM
- Topical term or geographic name entry element: Poder judicial




